| 000 | 00852cam a2200265 4500 | ||
|---|---|---|---|
| 001 | 17686 | ||
| 003 | BD-RjUL | ||
| 005 | 20211209000158.0 | ||
| 008 | 140217s1970 enka 000 0 eng | ||
| 020 | _a0950051012 | ||
| 035 | _a(BD-RjUL)17744 | ||
| 040 |
_aDLC _cDLC _dDLC _beng |
||
| 041 | _aeng | ||
| 082 | 0 | 0 |
_a821.912 _bLAB |
| 100 | 1 |
_aLawrence, D. H. _q(David Herbert), _d1885-1930. _953780 |
|
| 245 | 1 | 4 |
_aThe body of God / _cD. H. Lawrence; a sequence of poems selected & arranged by Michael Adam, with woodcuts by Barbara Whitehead. |
| 260 |
_aDulverton (Somerset) : _bArk Press, _c1970. |
||
| 300 |
_a49 p. : _billus. ; _c24 cm. |
||
| 350 | _a£2.10 | ||
| 700 | 1 |
_aAdam, Michael, _d1919- _ecomp. _954516 |
|
| 700 | 1 |
_aWhitehead, Barbara Mathews, _eillus. _954517 |
|
| 942 |
_2ddc _cBK |
||
| 999 |
_c17686 _d17686 |
||